00377nam a2200145Ia 450000500170000000800410001702000150005808200160007324500440008926000410013330000190017465000110019365000130020465000140021720240403082716.0240331s9999 xx 000 0 und d a0669051470 bETHa330.95 0aEthical dilemmas of development in Asia aCanada :bHeath and Company /c1983. aviii, 275 p ., aSocial aEconomic aPolitical